000 00422nam a2200181Ia 4500
001 16569
005 20260306170319.0
008 260306t2016||||xx |||||||||||||| ||und||
041 _aESP
082 _a348.621
_bV66
100 _aVillazana Ochoa, Saúl
_eAUT
245 0 _aTributación laboral
260 _c2016
300 _a222 páginas :
_c23 cm.
650 _aGEN
654 _aCDE
942 _cLIB
_dJUS
_fJUS
_2ddc
_n
999 _c16569
_d16569